00000000nam 2200000za 4500
0019.846913
003CaOODSP
00520221107153321
007cr |||||||||||
008171109s2016    oncab  #o    f000 0 fre d
040 |aCaOODSP|bfre
043 |an-cn---
0861 |aM4-169/2016F-PDF
24500|aGéocartographie du Nord d'ici 2020 |h[ressource électronique] : |bmoderniser la carte géologique du Nord.
24610|aModerniser la carte géologique du Nord
260 |a[Ottawa?] : |bRessources naturelles Canada, |cc2016.
300 |a[1] p. : |bill. en coul., carte
500 |a« Juillet 2016. »
500 |aTitre de départ.
500 |aPubl. aussi en anglais sous le titre : Geo-mapping the North by 2020 : modernizing the geological picture of the North.
520 |a« Le Programme de géocartographie de l’énergie et des minéraux (GEM) permet de créer de nouvelles cartes géologiques et séries de données à l’échelle régionale pour le Nord du Canada. » -- p. [1].
69207|2gccst|aSciences de la terre
69207|2gccst|aNord canadien
69207|2gccst|aCartographie
7101 |aCanada. |bRessources naturelles Canada.
77508|tGeo-mapping the North by 2020 |w(CaOODSP)9.845822
85640|qPDF|s3.79 Mo|uhttps://publications.gc.ca/collections/collection_2017/rncan-nrcan/M4-169-2016-fra.pdf